O cinema como fonte histórica na obra de Marc Ferro. Cinema as a historical source in the works Marc Ferro /

Salvato in:
Dettagli Bibliografici
Autore principale: Victorio Morettin, Eduardo
Natura: testo
Soggetti:
Tags: Aggiungi Tag
Nessun Tag, puoi essere il primo ad aggiungerne!!

MARC

LEADER 00000 a a2200000 04500
001 8311
003
040
100 |a Victorio Morettin, Eduardo  
245 |a O cinema como fonte histórica na obra de Marc Ferro. Cinema as a historical source in the works Marc Ferro /  |c Eduardo Victorio Morettin 
500 |a Resumen tambien en Ingles  
650 |a CINE  
650 |a HISTORIA  
650 |a DOCUMENTOS  
650 |a METODOLOGIA  
650 |a CIENCIAS SOCIALES  
773 |g volumen 20, número 38; páginas 11-42  
999 |c 32642  |d 32642